[Event "39th Olympiad Men"]
[Site "Khanty-Mansiysk RUS"]
[Date "2010.09.21"]
[Round "1"]
[White "Djuraev,S"]
[Black "Vandenbussche,T"]
[Result "1/2-1/2"]
[WhiteElo "2397"]
[BlackElo "2333"]

1.e4 d6 2.d4 Nf6 3.Nc3 e5 4.dxe5 dxe5 5.Qxd8+ Kxd8 6.Bg5 c6 7.O-O-O+ Nd7
8.f4 Be7 9.Bxf6 Bxf6 10.Nf3 Kc7 11.f5 Be7 12.Bc4 f6 13.g4 b5 14.Be2 a5 15.Rhg1 a4
16.a3 b4 17.axb4 Bxb4 18.Na2 Bc5 19.Rg3 Bf2 20.Rh3 h6 21.Nd2 Rd8 22.Rf3 Bd4
23.Ra3 Rb8 24.Nc4 Ba6 25.c3 Bxc4 26.Bxc4 Be3+ 27.Kc2 Nc5 28.Nb4 Rxd1 29.Kxd1 Bf4
30.Kc2 Bxh2 31.Nd3 Nxe4 32.Rxa4 Bg1 33.b4 h5 34.gxh5 Nd6 35.Be6 Rh8 36.Ra1 Be3
37.Re1 Bb6 38.Rh1 Ne4 39.c4 Bd4 40.c5 Ng5 41.Bc4 Rb8 42.Rb1 Ne4 43.Bf7 Ng3
44.Bg6 Ra8 45.Kb3 Ne4 46.Rd1 Nc3 47.Rh1 Nb5 48.h6 gxh6 49.Rxh6 Ra3+ 50.Kc2 Rc3+
51.Kd2 e4 52.Rh7+ Kb8 53.Ne1 Be3+ 54.Ke2 Nd4+ 55.Kf1 Rc1 56.Rh2 Nf3 57.Re2 Bd2
58.Rxe4 Rxe1+ 59.Rxe1 Nxe1 60.Be8 Bxb4 61.Bxc6 Nd3 62.Ke2 Ne5 63.Ba4 Bxc5
64.Kf1 Kc7 65.Kg2 Kd6 66.Kg3 Be3 67.Bb3 Bg5 68.Be6 Kc5 69.Bb3 Kd4 70.Ba2 Ke3
71.Bb3 Bf4+ 72.Kh3 Nd3 73.Kg4 Nf2+ 74.Kh5 Be5 75.Kg6 Kf4 76.Be6 Ne4 77.Bd7 Nd2
78.Ba4 Nf3 79.Bd7 Nh4+ 80.Kf7 Nxf5 81.Kg6 Nd4 82.Kf7 f5 83.Ke7 Ke4 84.Bxf5+ Nxf5+
85.Ke6 Nd4+ 86.Kd7 Kd5 87.Ke7 Ne2 88.Kf7 Nf4 89.Ke7 Bd4 90.Kd7 Bc5 91.Kc7 Nd3
92.Kb7 Nb4 93.Kc7 Ke6 94.Kb7 Kd7 95.Kb8 Kc6 96.Ka8 Bb6 97.Kb8 Nd5 98.Ka8 Ne7
99.Kb8 Ba5 100.Ka7 Bb6+ 101.Kb8 Bc5 102.Ka8 Nd5 103.Kb8 Bd4 104.Ka8 Kb6 105.Kb8 Ne7
106.Ka8 Ka6 107.Kb8 Bb6 108.Ka8 Bd8 109.Kb8 Kb6 110.Ka8 Kc6 111.Ka7 Nd5 112.Kb8 Bb6
113.Ka8 Nb4 114.Kb8 Na6+ 115.Ka8 Nc7+ 116.Kb8 Bc5 117.Kc8 Na6 118.Kd8 Kd6
119.Kc8 Kc6 120.Kd8 Nc7 121.Kc8 Ba7 122.Kd8 Na6 123.Ke7 Kd5 124.Kd7 Nb4 125.Kc7 Kc5
126.Kb7 Bb6 127.Kb8 Nd3 128.Kb7 Kb5 129.Kb8 Nb4 130.Kb7 Nd5 131.Kb8 Nc7 132.Kb7 Ba5
133.Ka7 Kc6 134.Kb8 Bb6 135.Kc8 Ba7  1/2-1/2

[Event "EYCC Girls U12"]
[Site "Batumi GEO"]
[Date "2010.09.22"]
[Round "3"]
[White "Vasova,M"]
[Black "Osmak,Iulija"]
[Result "0-1"]
[WhiteElo "1776"]
[BlackElo "1979"]

1.e4 d6 2.d4 Nf6 3.Nc3 c6 4.f4 Qa5 5.Bd3 e5 6.Nf3 exd4 7.Nxd4 Qb6 8.Be2 Be7
9.O-O O-O 10.Kh1 Re8 11.Qd3 Na6 12.Nb3 Nb4 13.Qd1 Bf8 14.a3 Na6 15.Bf3 Be6
16.Nd4 Bd7 17.Be3 c5 18.Nb3 Bc6 19.Qd3 Rac8 20.Nd2 Qd8 21.Nd5 Nc7 22.c4 b5
23.b3 bxc4 24.bxc4 Rb8 25.Rab1 Ncxd5 26.exd5 Bd7 27.h3 Bf5 28.Qxf5 Rxe3 29.g4 Rxb1
30.Qxb1 Rxa3 31.g5 Ne8 32.Ne4 Qd7 33.Kg2 Ra4 34.Bg4 Qd8 35.Qc2 Qa5 36.Rf2 Ra1
37.Nc3 Ra3 38.Nb5 Re3 39.f5 a6 40.Qc1 Re1 41.Qc3 Qxc3 42.Nxc3 Rc1 43.Rf3 Nc7
44.Re3 a5 45.Be2 Rc2 46.Kf3 Rb2 47.Bd1 Rb4 48.Re4 Rb7 49.Ke3 Na6 50.Nb5 Be7
51.f6 gxf6 52.gxf6 Bxf6 53.Nxd6 Rb8 54.Bh5 a4 55.Nb5 Nb4 56.d6 Rd8 57.Bd1 a3
58.Nxa3 Rxd6 59.Be2 Bd4+ 60.Kf3 f5 61.Re7 Nc6 62.Rc7 Be5 63.Nb5 Rg6 64.Rc8+ Kg7
65.Bf1 Kh6 66.Kf2 Kg5 67.Bg2 Nb4 68.Ke2 Kh4 69.Bf1 Re6 70.Kf3 Nc6 71.Bg2 Bg3
72.Rh8 Ne5+ 73.Ke2 Ng6+ 74.Kd3 Nxh8 75.Nc3 Ng6 76.Ne2 Nf4+ 77.Nxf4 Bxf4  0-1

[Event "39th Olympiad Women"]
[Site "Khanty-Mansiysk RUS"]
[Date "2010.09.22"]
[Round "2"]
[White "Guerrero Rodriguez,Alej"]
[Black "Stojanovic,Andj"]
[Result "0-1"]
[WhiteElo "2128"]
[BlackElo "2337"]

1.e4 d6 2.d4 Nf6 3.Nc3 e5 4.dxe5 dxe5 5.Qxd8+ Kxd8 6.Bg5 Nd7 7.Bc4 Ke8 8.O-O-O c6
9.f3 b5 10.Bb3 Nc5 11.Nge2 Nfd7 12.Ng3 g6 13.h4 h5 14.Rd2 a5 15.a4 b4 16.Nce2 f6
17.Be3 Nb6 18.Rhd1 Ba6 19.f4 Bc4 20.Kb1 Ncxa4 21.fxe5 fxe5 22.Bg5 Nc5 23.Bf6 Rh7
24.Rd8+ Rxd8 25.Rxd8+ Kf7 26.Bxe5 Be7 27.Rb8 Ncd7 28.Rb7 Bxb3 29.cxb3 Nxe5
30.Rxb6 Bxh4 31.Rb7+ Kg8 32.Rb8+ Kg7 33.Ra8 Kf6 34.Rxa5 Rd7 35.Kc2 Bg5 36.Nf1 Nd3
37.Ra1 Nc5 38.Neg3 h4 39.e5+ Kxe5 40.Ra5 Rd5 41.Ne2 Ne6 42.Ra8 Nd4+ 43.Nxd4 Kxd4
44.Nd2 Bxd2 45.Kxd2 Rg5 46.Rd8+ Kc5  0-1

[Event "EYCC Girls U18"]
[Site "Batumi GEO"]
[Date "2010.09.23"]
[Round "4"]
[White "Palmitessa,C"]
[Black "Tevzadze,M"]
[Result "1/2-1/2"]
[WhiteElo "1903"]
[BlackElo "1895"]

1.e4 d6 2.d4 Nf6 3.Nc3 Nbd7 4.f4 e5 5.Nf3 exd4 6.Qxd4 Be7 7.Be3 Nc5 8.O-O-O Ne6
9.Qd2 c6 10.h3 Qa5 11.Kb1 Nh5 12.f5 Nc5 13.Qf2 Nf6 14.Nd2 b5 15.Bxc5 dxc5
16.e5 Nd7 17.Nb3 Qb6 18.Qg3 Qb8 19.Qxg7 Qxe5 20.Qxe5 Nxe5 21.g4 c4 22.Nd4 Bb7
23.Bg2 O-O-O 24.Rhe1 Bc5 25.Ndxb5 Rxd1+ 26.Nxd1 Nxg4 27.Nxa7+ Bxa7 28.hxg4 Bc5
29.a3 h5 30.gxh5 Rxh5 31.Rf1 Rg5 32.Be4 Rg4 33.Nc3 Kc7 34.Bf3 Rf4 35.Be2 Rxf1+
36.Bxf1 Bc8 37.Bxc4 Bxf5 38.Bxf7 Bd4 39.Ne2 Be5 40.Bc4 Bg4 41.Nc1 c5 42.Ka2 Bf5
43.Kb3 Kb6 44.Ne2 Ka5 45.Nc3 Bd4 46.Bf7 Bh7 47.Nd5 c4+ 48.Kxc4 Bxb2 49.Kb3 Be5
50.Ne7 Kb6 51.a4 Kc5 52.Bg6 Bd6 53.Bxh7 Bxe7 54.Bd3 Bd8 55.Bb5 Ba5 56.c3 Bb6  1/2-1/2

[Event "EYCC Boys U18"]
[Site "Batumi GEO"]
[Date "2010.09.23"]
[Round "4"]
[White "Firat,B"]
[Black "Stanciu,Al"]
[Result "1/2-1/2"]
[WhiteElo "2424"]
[BlackElo "2280"]

1.e4 d6 2.d4 Nf6 3.Nc3 e5 4.Nf3 Nbd7 5.Bc4 Be7 6.O-O O-O 7.Re1 c6 8.a4 a5
9.h3 Nb6 10.Bf1 exd4 11.Nxd4 d5 12.e5 Ne8 13.b3 g6 14.Bh6 Ng7 15.Nce2 Nd7
16.Nf4 Nc5 17.c4 Bg5 18.Bxg5 Qxg5 19.g3 Nge6 20.Nfxe6 Bxe6 21.Qc1 Qxc1 22.Raxc1 Rfd8
23.Red1 dxc4 24.Nxe6 fxe6 25.Bxc4 Rxd1+ 26.Rxd1 Kf7 27.f3 Rb8 28.Rb1 b5 29.axb5 cxb5
30.Be2 b4 31.Kf2 Rc8 32.Ke3 Nd7 33.Kd4 Rc2 34.Bd3 Rc3 35.f4 Ke7 36.h4 Nc5
37.Bc4 Nb7 38.Rg1 Rf3 39.h5 gxh5 40.Rh1 Rxg3 41.Rxh5 Rg7 42.Bd3 Kd7 43.Rxh7 Rxh7
44.Bxh7 Kc6 45.Be4+ Kb6 46.Bxb7 Kxb7 47.Kc5 a4 48.Kxb4 axb3 49.Kxb3 Kc7 50.Kc4 Kc6
51.Kd4 Kd7 52.Ke3 Ke8 53.Kd2 Kd8 54.Kd3 Kd7 55.Kd4 Kd8 56.Kc4 Kc8 57.Kb4 Kb8  1/2-1/2

[Event "39th Olympiad Men"]
[Site "Khanty-Mansiysk RUS"]
[Date "2010.09.23"]
[Round "3"]
[White "Samsonkin,A"]
[Black "Izquierdo,D"]
[Result "1/2-1/2"]
[WhiteElo "2409"]
[BlackElo "2275"]

1.e4 d6 2.d4 Nf6 3.Nc3 e5 4.Nf3 Nbd7 5.Bc4 Be7 6.O-O O-O 7.a4 c6 8.Ba2 b6
9.Re1 Bb7 10.Bg5 a6 11.Qe2 b5 12.dxe5 dxe5 13.Rad1 Qc7 14.Nh4 Bb4 15.Nf5 Kh8
16.Qf3 Ng8 17.Qg4 g6 18.Nh6 Nc5 19.Nxg8 Kxg8 20.Bf6 Rfe8 21.Re3 Ne6 22.Rh3 Bf8
23.Qh4 h6 24.Bxe6 Rxe6 25.Bd8 Qc8 26.Bg5 h5 27.Rhd3 Re8 28.Rd7 c5 29.axb5 axb5
30.h3 Bc6 31.R7d2 Qe6 32.Qg3 c4 33.Nd5 Bxd5 34.Rxd5 b4 35.b3 Ra2 36.Rd8 Rxd8
37.Rxd8 Kg7 38.Qe3 Be7 39.Bxe7 Qxe7 40.Rd2 c3 41.Re2 Qd6 42.Qc1 Qd4 43.Kh2 f6
44.h4 Qa7 45.Qd1 Qd4 46.Qc1 Ra7 47.Re3 Rc7 48.Qa1 Qa7 49.Qf1 Rd7 50.Qb5 Rd4
51.Qc6 Qd7 52.Qc5 Kh7 53.Re1 Qd6 54.Qc8 Qd8 55.Qe6 Rd6 56.Qf7+ Kh6 57.Ra1 Rd7
58.Qe6 Rd6 59.Qh3 Qb6 60.Qc8 Rd8 61.Ra6 Qd4 62.Qc7 Qxf2  1/2-1/2

[Event "39th Olympiad Women"]
[Site "Khanty-Mansiysk RUS"]
[Date "2010.09.23"]
[Round "3"]
[White "Hou Yifan"]
[Black "Reizniece,D"]
[Result "1-0"]
[WhiteElo "2578"]
[BlackElo "2318"]

1.e4 d6 2.d4 Nf6 3.Nc3 e5 4.Nge2 Nbd7 5.g3 g6 6.Bg2 Bg7 7.O-O O-O 8.h3 Re8
9.Be3 c6 10.a4 a5 11.f4 exd4 12.Bxd4 Nb6 13.g4 d5 14.e5 Nfd7 15.Ng3 f6 16.exf6 Nxf6
17.g5 Ne4 18.Ncxe4 dxe4 19.Bxg7 Qxd1 20.Raxd1 Kxg7 21.Nxe4 Bf5 22.Nd6 Re2
23.Rde1 Rxe1 24.Nxf5+ gxf5 25.Rxe1 Rf8 26.Re7+ Rf7 27.Rxf7+ Kxf7 28.b3 Nc8
29.Kf2 Ne7 30.Ke3 Ke6 31.h4 Kd6 32.h5 Ke6 33.Kd4 Kd6 34.c3 b5 35.axb5 cxb5
36.c4 bxc4 37.Kxc4  1-0

[Event "39th Olympiad Women"]
[Site "Khanty-Mansiysk RUS"]
[Date "2010.09.23"]
[Round "3"]
[White "Vega Gutierrez,S"]
[Black "Klinova,M"]
[Result "1/2-1/2"]
[WhiteElo "2368"]
[BlackElo "2303"]

1.e4 d6 2.d4 Nf6 3.Nc3 e5 4.Nge2 Be7 5.f3 c6 6.Be3 Nbd7 7.Qd2 b5 8.Ng3 b4
9.Nce2 d5 10.Nf5 O-O 11.Neg3 dxe4 12.dxe5 Nd5 13.Nxe4 Nxe3 14.Qxe3 Nxe5 15.Nxe7+ Qxe7
16.O-O-O Be6 17.Qc5 Qxc5 18.Nxc5 Bd5 19.Ba6 Rfe8 20.Rd4 Rab8 21.Re1 f6 22.Re3 Kf7
23.b3 g5 24.Nb7 Kg6 25.h3 Re7 26.Nc5 Kf7  1/2-1/2

[Event "39th Olympiad Women"]
[Site "Khanty-Mansiysk RUS"]
[Date "2010.09.23"]
[Round "3"]
[White "Makropoulou,M"]
[Black "Rutherford,E"]
[Result "1-0"]
[WhiteElo "2230"]
[BlackElo "2080"]

1.e4 d6 2.d4 Nf6 3.Nc3 e5 4.dxe5 dxe5 5.Qxd8+ Kxd8 6.Bc4 Ke8 7.f3 Bd6 8.Nb5 Ke7
9.Bd2 a6 10.Nxd6 cxd6 11.Ne2 b5 12.Bd3 Nbd7 13.a4 bxa4 14.Bb4 Nb6 15.Ba5 Nfd7
16.Nc3 Rb8 17.Kd2 Re8 18.Rhb1 h6 19.Bf1 Ke6 20.Nxa4 Nxa4 21.Rxa4 Nc5 22.Ra3 f5
23.b4 fxe4 24.Re1 Nd7 25.fxe4 Rf8 26.Bc4+ Ke7 27.Rf3 Nf6 28.c3 Bb7 29.Bd3 Rfc8
30.h3 Rc6 31.c4 Rcc8 32.g4 Bc6 33.Ke3 Nh7 34.h4 Bd7 35.Rg3 Be6 36.c5 dxc5
37.Bxa6 Rf8 38.b5 Nf6 39.Reg1 Ne8 40.Rc1 Kd6 41.Rg2 Nf6 42.Rd1+ Ke7 43.Rdg1 Nd7
44.Bc7 Ra8 45.Rd2 Rf7 46.g5 hxg5 47.Bd6+ Ke8 48.Rxg5 Nb6 49.Rc2 Nc4+ 50.Rxc4 Bxc4
51.Rxe5+ Kd7 52.Bxc5 Rb8 53.Bb4 Rh8 54.Kd4 Be2 55.Rd5+ Ke8 56.Re5+ Kd7 57.Bb7 Kc7
58.Bd5 Rd7 59.Kc5 Kb8 60.Bc6 Rc7 61.Kb6 Rh6 62.Bf8 Rg6 63.Kc5 Bxb5 64.Re8+ Rc8
65.Rxc8+ Kxc8 66.Kxb5 Kc7 67.Bd5 Rg4 68.Be7 Kd7 69.Bg5 Kd6 70.Kb6 Rg1 71.Bf4+ Kd7
72.Kc5 Rf1 73.Bg5 Re1 74.Kd4 Rg1 75.Ke5 Rf1 76.Be6+ Ke8 77.Kd6 Rd1+ 78.Bd5 Rd3
79.Ke6 Rc3 80.e5 Rc7 81.Be4 Ra7 82.Bc6+ Kf8 83.Kd6 Ra1 84.Be7+ Kf7 85.e6+ Kg6
86.Bg5 Kf5 87.e7 Rd1+ 88.Kc7  1-0

[Event "39th Olympiad Men"]
[Site "Khanty-Mansiysk RUS"]
[Date "2010.09.23"]
[Round "3"]
[White "Zhang Zhong"]
[Black "Sjugirov,S"]
[Result "1/2-1/2"]
[WhiteElo "2582"]
[BlackElo "2627"]

1.e4 d6 2.d4 Nf6 3.Nc3 e5 4.dxe5 dxe5 5.Qxd8+ Kxd8 6.Nf3 Bd6 7.Bc4 Ke8 8.Bg5 Nbd7
9.O-O-O a6 10.a4 h6 11.Bh4 Kf8 12.Nd2 g6 13.Nd5 Kg7 14.f3 Rb8 15.a5 Re8 16.c3 c6
17.Nxf6 Nxf6 18.Bf2 Nh5 19.Ba7 Ra8 20.Bb6 Be7 21.Rhe1 Nf4 22.Bf1 Be6 23.g3 Nh3
24.Nc4 Ng5 25.Re3 f6 26.Nd6 Bxd6 27.Rxd6 Nf7 28.Rd2 g5 29.Kc2 h5 30.Re1 g4
31.Bg2 f5 32.fxg4 fxg4 33.Ra1 Rac8 34.Bc5 Rcd8 35.Rad1 Rxd2+ 36.Rxd2 Ng5
37.Rf2 Kg6 38.b3 Rd8 39.Be7 Rd7 40.Bc5 Rf7 41.Rxf7 Kxf7 42.Be3 Nf3 43.Bxf3  1/2-1/2

[Event "EYCC Girls U16"]
[Site "Batumi GEO"]
[Date "2010.09.24"]
[Round "6"]
[White "Leks,M"]
[Black "Unapkoshvili,N"]
[Result "1-0"]
[WhiteElo "2052"]
[BlackElo "1974"]

1.e4 d6 2.d4 Nf6 3.Nc3 e5 4.Nf3 Nbd7 5.Bc4 Be7 6.O-O O-O 7.Re1 c6 8.a4 a5
9.h3 h6 10.Be3 Qc7 11.Ba2 Re8 12.Nd2 Nf8 13.Nc4 N6d7 14.Qf3 Bf6 15.d5 b5
16.axb5 cxd5 17.Nxd5 Qb8 18.b6 Ne6 19.Rad1 Rd8 20.Nxd6 Nd4 21.Bxd4 Qxd6 22.Be3 Rb8
23.Nxf6+ Qxf6 24.Qxf6 gxf6 25.Rd6 Re8 26.Bc4 Kg7 27.Bb5 Re7 28.Red1 Nf8 29.Rd8 Ne6
30.R8d6 h5 31.c4 Bb7 32.f3 Rc8 33.Rd7 Rxd7 34.Rxd7 Nd8 35.c5 Kg6 36.Rxb7 Nxb7
37.Ba6 Rb8 38.Bxb7 Rxb7 39.c6  1-0

[Event "EYCC Boys U14"]
[Site "Batumi GEO"]
[Date "2010.09.24"]
[Round "6"]
[White "Torosyan,N"]
[Black "Tsydypov,Z"]
[Result "1-0"]
[WhiteElo "2006"]
[BlackElo "2142"]

1.e4 d6 2.d4 Nf6 3.Nc3 e5 4.Nf3 Nbd7 5.Bc4 Be7 6.O-O O-O 7.Re1 a6 8.a4 b6
9.Bg5 Bb7 10.dxe5 dxe5 11.Qd2 h6 12.Bh4 Ne8 13.Bg3 Bd6 14.Rad1 Nef6 15.Nh4 Nc5
16.f3 Qd7 17.Nf5 Rad8 18.Qe2 Qe8 19.Nxd6 Rxd6 20.Rxd6 cxd6 21.b3 Ne6 22.Qd3 Qc6
23.Rd1 Qc5+ 24.Bf2 Qa5 25.Ne2 Rd8 26.Qc3 Qxc3 27.Nxc3 Nc5 28.Kf1 Kf8 29.a5 Ke7
30.axb6 Rc8 31.Nd5+ Bxd5 32.exd5 Na4 33.Ra1 Nc3 34.Ra5 Ra8 35.b4 Rc8 36.Bb3 h5
37.Be1 Nb5 38.c4 Nd4 39.Ba2 e4 40.c5 exf3 41.gxf3 Rb8 42.Bf2  1-0

[Event "EYCC Girls U14"]
[Site "Batumi GEO"]
[Date "2010.09.24"]
[Round "6"]
[White "Fataliyeva,U"]
[Black "Imnadze,Nato"]
[Result "1-0"]
[WhiteElo "1959"]
[BlackElo "1917"]

1.e4 d6 2.d4 Nf6 3.Nc3 e5 4.Nf3 Nbd7 5.Bc4 Be7 6.Ng5 O-O 7.Bxf7+ Rxf7 8.Ne6 Qe8
9.Nxc7 Qd8 10.Nxa8 b6 11.Nb5 a6 12.Nbc7 Bb7 13.Nxb6 Qxc7 14.Nxd7 Nxe4 15.O-O Qxd7
16.dxe5 Qc6 17.Qg4 h5 18.Qh3 h4 19.e6 Rf6 20.f4 Rg6 21.f5 Ng5 22.Bxg5 Rxg5
23.Rf2 Qb6 24.Kf1 Qb5+ 25.Qd3 Qxb2 26.Re1 Qb4 27.Qb3 a5 28.c3 Ba6+ 29.Kg1 Qc5
30.Qb8+ Kh7 31.Qb1 Kg8 32.Qe4 Qc8 33.Rb1 h3 34.g3 d5 35.Qf4 Bb7 36.Rfb2 Qc5+
37.Qd4 Bc6 38.Rf2 Qxd4 39.cxd4 Bf6 40.Rb8+ Kh7 41.Rf4 Rh5 42.Rb6 Ba4 43.Rd6 Bd1
44.Rxd5 Bg5 45.Rxa5 Bxf4 46.e7 Bd2 47.Rb5 Rxf5 48.e8=Q Ba4 49.Qe4 Be3+ 50.Kh1 Bc2
51.Qxf5+ Bxf5 52.Rxf5 Bxd4 53.Rh5+ Kg6 54.Rxh3 Kf6 55.Kg2 Ke6 56.Rh5 g6 57.Ra5 Bc3
58.Ra6+ Kf5 59.Kf3 g5 60.h3 Ke5 61.Rc6 Bd2 62.Kg4 Kd5 63.Rc2 Be3 64.Re2 Bc1
65.Re1  1-0

[Event "EYCC Girls U16"]
[Site "Batumi GEO"]
[Date "2010.09.24"]
[Round "6"]
[White "Madoian,I"]
[Black "Schaefer,D"]
[Result "0-1"]
[WhiteElo "1754"]
[BlackElo "1935"]

1.e4 d6 2.d4 Nf6 3.Nc3 Nbd7 4.Nf3 e5 5.Be2 Be7 6.O-O O-O 7.Bg5 h6 8.Bxf6 Bxf6
9.Nd5 exd4 10.Nxd4 Nc5 11.Nxf6+ Qxf6 12.f3 Ne6 13.Nxe6 Bxe6 14.c3 Qg5 15.Kh1 Qe7
16.Qa4 a6 17.a3 Rad8 18.Rad1 d5 19.exd5 Bxd5 20.Qc2 Rfe8 21.Bd3 Qh4 22.c4 Bc6
23.b4 Qg5 24.Rfe1 Rxe1+ 25.Rxe1 h5 26.Qe2 g6 27.b5 axb5 28.cxb5 Re8 29.Qf2 Rxe1+
30.Qxe1 Bxb5 31.Be4 c6 32.Qd1 Qe3 33.h3 Qxa3 34.Qd8+ Qf8 35.Qb6 Ba6 36.Qb3 Qd6
37.Qe3 Kg7 38.f4 c5 39.f5 Qd4 40.Qf3 b5 41.fxg6 fxg6 42.Bd5 Qf6 43.Qg3 Qe7
44.Qc3+ Kh7 45.Qf3 b4 46.Be4 Kg7  0-1

[Event "39th Olympiad Women"]
[Site "Khanty-Mansiysk RUS"]
[Date "2010.09.24"]
[Round "4"]
[White "Dworakowska,J"]
[Black "Blagojevic,Li"]
[Result "1-0"]
[WhiteElo "2315"]
[BlackElo "2013"]

1.d4 Nf6 2.Nc3 d6 3.e4 e5 4.Nge2 Be7 5.g3 c6 6.Bg2 O-O 7.a4 a5 8.O-O Re8
9.h3 Nbd7 10.Be3 h6 11.f4 Bf8 12.g4 exd4 13.Bxd4 Nc5 14.Ng3 Ne6 15.Be3 Nd7
16.Kh1 Rb8 17.Qd2 Nb6 18.b3 Nc5 19.Rad1 Bxg4 20.Bxc5 Bxd1 21.Bxb6 Qxb6 22.Nxd1 Qb4
23.Qf2 b5 24.axb5 Rxb5 25.Nb2 Qc3 26.Na4 Qf6 27.Qf3 Rc8 28.Qg4 Rc7 29.Rd1 Qg6
30.Qf3 d5 31.f5 dxe4 32.Qf4 Qg5 33.Qxc7 Rd5 34.Rxd5 cxd5 35.Nc3 Qc1+ 36.Kh2 Qxc2
37.Nxd5 Qxb3 38.Qd8 Qa3 39.Nxe4 a4 40.Qe8 Kh7 41.Qxf7 Bd6+ 42.Nxd6 Qxd6+
43.Kh1 Qe5 44.Qe7 Qa1+ 45.Kh2  1-0

[Event "39th Olympiad Men"]
[Site "Khanty-Mansiysk RUS"]
[Date "2010.09.24"]
[Round "4"]
[White "Mas,H"]
[Black "Pelletier,Y"]
[Result "1/2-1/2"]
[WhiteElo "2422"]
[BlackElo "2592"]

1.e4 d6 2.d4 Nf6 3.Nc3 e5 4.dxe5 dxe5 5.Qxd8+ Kxd8 6.Bg5 c6 7.O-O-O+ Ke8
8.f3 Be6 9.g3 Nfd7 10.Kb1 f6 11.Bc1 Bb4 12.Nge2 a5 13.b3 Na6 14.Bb2 Ke7 15.Nc1 b5
16.Nd3 Bd6 17.Bg2 Nac5 18.Nf2 Rhd8 19.Ne2 Bf7 20.Bh3 Bc7 21.Bf5 Bb6 22.Rhf1 Ne6
23.h4 h6 24.f4 Bc7 25.Bxe6 Bxe6 26.f5 Bf7 27.g4 Bb6 28.Ng3 Nc5 29.Bc1 Nb7
30.Nd3 c5 31.Be3 Ra6 32.Nb2 c4 33.Rxd8 Kxd8 34.Nd1 b4 35.g5 hxg5 36.hxg5 fxg5
37.Bxg5+ Kd7 38.Rh1 Bd8 39.Bxd8 Nxd8 40.Ne3 cxb3 41.axb3 Ke7 42.Ng4 a4 43.bxa4 Rxa4
44.Nxe5 Ra3 45.Nf1 b3 46.Rh8 Ra5 47.Ng4 bxc2+ 48.Kxc2 Nc6 49.Kd2 Ne5 50.Nxe5 Rxe5
51.Ke3 g6 52.Kf4 Ra5 53.Ne3 Ra4 54.Ke5 Ra6 55.Rb8 Kd7 56.Rb7+ Ke8 57.Rb8+ Kd7
58.Rb7+ Ke8 59.Ng4 gxf5 60.Nf6+ Kf8 61.exf5 Ra5+ 62.Kf4 Bd5 63.Rd7 Bb3 64.Rc7 Ba2
65.Rb7 Bd5 66.Rc7 Ba2 67.Rc1 Rb5 68.Ne4 Bb1 69.Rc8+ Kg7 70.f6+ Kg6 71.Rg8+ Kf7
72.Rg7+ Kf8 73.Nd6 Rd5 74.Rd7 Rxd6 75.Rxd6 Kf7 76.Ke5 Ba2 77.Ra6 Bb3 78.Ra7+ Kf8
79.Ra3 Bc4 80.Rc3 Ba2 81.Rc1 Kf7 82.Kf5 Be6+ 83.Kg5 Bd5 84.Re1 Bb3 85.Re2 Bc4
86.Re3 Ba2 87.Kf5 Bb1+ 88.Ke5 Ba2 89.Rc3 Kf8 90.Rc1 Kf7 91.Rc2 Bb3 92.Rd2 Kf8
93.Re2 Kf7 94.Kf5 Bc4 95.Rb2 Be6+ 96.Ke5 Bc4 97.Rc2 Bb3 98.Rc1  1/2-1/2

[Event "39th Olympiad Men"]
[Site "Khanty-Mansiysk RUS"]
[Date "2010.09.24"]
[Round "4"]
[White "Salov,S"]
[Black "Annurudha,G"]
[Result "1-0"]
[WhiteElo "2271"]
[BlackElo "2144"]

1.e4 d6 2.d4 Nf6 3.Nc3 e5 4.Nge2 Nbd7 5.g3 Be7 6.Bg2 c6 7.O-O O-O 8.h3 Qc7
9.Be3 a6 10.a4 b6 11.f4 Bb7 12.g4 c5 13.dxe5 dxe5 14.g5 Ne8 15.f5 Nd6 16.Nd5 Bxd5
17.Qxd5 Rfe8 18.Nc3 Bf8 19.Qd1 Qc6 20.Nd5 Nc4 21.Bc1 b5 22.a5 Nd6 23.Qg4 Nb7
24.f6 g6 25.h4 c4 26.h5 Nd8 27.hxg6 fxg6 28.f7+ Nxf7 29.Qxd7 Bc5+ 30.Kh1 Qxd7
31.Nf6+ Kg7 32.Nxd7 Ba7 33.Nf6 Red8 34.Nd5 Rac8 35.Ra3 Bc5 36.Raf3 Nd6 37.c3 Rf8
38.Rxf8 Rxf8 39.Rxf8 Kxf8 40.Nc7 Ba7 41.Nxa6 Nb7 42.Nc7 Nxa5 43.Nxb5 Bf2
44.Bf1 Nb3 45.Kg2 Bb6 46.Bxc4 Nxc1 47.Kf3 Bd8 48.Kg4 Bb6 49.b4 Be3 50.Nc7 Bd2
51.b5 Ke7 52.b6 Kd7 53.Nd5 Kc8 54.Ba6+ Kb8 55.Ne7  1-0

[Event "39th Olympiad Men"]
[Site "Khanty-Mansiysk RUS"]
[Date "2010.09.24"]
[Round "4"]
[White "Collutiis,D"]
[Black "Perera,WC"]
[Result "1-0"]
[WhiteElo "2447"]
[BlackElo "2016"]

1.e4 d6 2.d4 Nf6 3.Nc3 e5 4.f3 Be7 5.Be3 c6 6.Qd2 b5 7.Nge2 O-O 8.g4 b4 9.Nd1 c5
10.d5 Bxg4 11.fxg4 Nxe4 12.Qd3 Bh4+ 13.Ng3 Nxg3 14.hxg3 Bxg3+ 15.Kd2 f5 16.gxf5 Qf6
17.Nf2 Bxf2 18.Bxf2 Qxf5 19.Qxf5 Rxf5 20.Ke2 Na6 21.Bh3 Rff8 22.a3 bxa3 23.Rxa3 Nc7
24.c4 Rab8 25.b3 a6 26.Be3 h6 27.Bd7 Rf6 28.Ba4 g5 29.Raa1 Kg7 30.Bd2 Rg6
31.Rhf1 g4 32.Rf5 Rf8 33.Rxf8 Kxf8 34.Rf1+ Ke7 35.Rh1 Ne8 36.Bxe8 Kxe8 37.Rxh6 Kf7
38.Rxg6 Kxg6 39.Kf2 Kf5 40.Be3  1-0

[Event "39th Olympiad Men"]
[Site "Khanty-Mansiysk RUS"]
[Date "2010.09.25"]
[Round "5"]
[White "Huschenbeth,N"]
[Black "Seeman,T"]
[Result "1/2-1/2"]
[WhiteElo "2461"]
[BlackElo "2420"]

1.e4 d6 2.d4 Nf6 3.Nc3 e5 4.Nf3 Nbd7 5.Bc4 Be7 6.O-O O-O 7.Re1 a6 8.a4 b6
9.Nd5 Bb7 10.Nxe7+ Qxe7 11.Bd3 Rfe8 12.Bg5 h6 13.Bh4 Nf8 14.Bg3 Ng6 15.d5 a5
16.Nd2 Bc8 17.Bb5 Rf8 18.c3 Nh7 19.Nc4 Qg5 20.Qc1 Qf6 21.Qe3 h5 22.h3 Nf4
23.Bxf4 exf4 24.Qd4 Qg5 25.Kh2 f6 26.Nd2 Qh6 27.Kg1 Ng5 28.f3 Nf7 29.Kf1 Qg5
30.Qf2 Ne5 31.Ke2 h4 32.Kf1 Qg3 33.Qxg3 hxg3 34.b4 g5 35.Nb3 Kf7 36.bxa5 bxa5
37.Nd4 Rh8 38.Ke2 Kg6 39.Kd2 f5 40.Bd3 fxe4 41.Rxe4 Kf6 42.Rb1 Bd7 43.Bb5 Rab8
44.Rbe1 Bf5 45.Nxf5 Kxf5 46.c4 Kf6 47.Kc3 Rh7 48.R4e2 Re7 49.Re4 Rh8 50.R1e2 Rhh7
51.Kd2 Rh8 52.Kd1 Rhh7 53.Re1 Rh8 54.R1e2  1/2-1/2

[Event "39th Olympiad Men"]
[Site "Khanty-Mansiysk RUS"]
[Date "2010.09.25"]
[Round "5"]
[White "Al Tamimi,H"]
[Black "Zagorskis,D"]
[Result "1/2-1/2"]
[WhiteElo "2250"]
[BlackElo "2497"]

1.e4 d6 2.d4 Nf6 3.Nc3 e5 4.Nf3 Nbd7 5.Bc4 Be7 6.O-O O-O 7.h3 a6 8.a4 b6
9.Re1 Bb7 10.Bg5 c6 11.d5 c5 12.Nd2 Ne8 13.Be3 Bg5 14.Nf1 g6 15.Qg4 Bxe3
16.Nxe3 Ng7 17.Bd3 Bc8 18.Nc4 f5 19.Qe2 Nf6 20.Rab1 Ngh5 21.b4 Nf4 22.Qf1 cxb4
23.Rxb4 fxe4 24.Bxe4 Rb8 25.Reb1 Nxe4 26.Nxe4 Nxd5 27.R4b2 Be6 28.Ncxd6 a5
29.c4 Nb4 30.Rd1 Qe7 31.Rbd2 Bd7 32.Nb5 Bc6 33.Qe2 Rf4 34.Ng3 Qc5 35.Rd8+ Rxd8
36.Rxd8+ Kg7 37.Nd6 Rd4 38.Ngf5+ gxf5 39.Nxf5+ Kf6 40.Nxd4 exd4 41.Qg4 d3
42.Qh4+ Kg7 43.Qg4+ Kf6 44.Qh4+ Kg7  1/2-1/2

[Event "39th Olympiad Women"]
[Site "Khanty-Mansiysk RUS"]
[Date "2010.09.25"]
[Round "5"]
[White "Lacau Rodean,I"]
[Black "Al Jelda,F"]
[Result "1-0"]
[WhiteElo "2024"]
[BlackElo "1822"]

1.e4 d6 2.d4 Nf6 3.Nc3 Nbd7 4.f4 e5 5.Bc4 exd4 6.Qxd4 Nc5 7.Nge2 Be6 8.Be3 c6
9.O-O-O Qe7 10.Bxe6 Nxe6 11.Qc4 Qc7 12.f5 b5 13.Nxb5 cxb5 14.Qxb5+ Nd7 15.fxe6 fxe6
16.Nf4 Ke7 17.Nxe6 Qc8 18.Bg5+ Nf6 19.Nxf8 Rxf8 20.e5 dxe5 21.Qxe5+ Kf7 22.Rhf1 Re8
23.Qd5+ Qe6 24.Bxf6 gxf6 25.Qxe6+ Rxe6 26.Rd7+ Kg6 27.Rf3 h5 28.Rg3+ Kh6
29.Rgg7 Re5 30.g3 Re1+ 31.Kd2 Rae8 32.Rh7+ Kg6 33.Rdg7+  1-0

[Event "39th Olympiad Women"]
[Site "Khanty-Mansiysk RUS"]
[Date "2010.09.25"]
[Round "5"]
[White "Moreno Garcia,E"]
[Black "Kochetkova,J"]
[Result "0-1"]
[WhiteElo "2024"]
[BlackElo "2327"]

1.e4 d6 2.d4 Nf6 3.Nc3 e5 4.dxe5 dxe5 5.Qxd8+ Kxd8 6.Bg5 Be6 7.O-O-O+ Nd7
8.Nf3 Kc8 9.Bh4 h6 10.Be2 a6 11.Bg3 Bd6 12.Rhe1 Re8 13.Bf1 Nh5 14.Nd5 Nxg3
15.hxg3 Bc5 16.Rd2 c6 17.Nc3 Kc7 18.Red1 Rad8 19.a3 g5 20.b4 Ba7 21.Na4 b5
22.Nb2 g4 23.Ne1 Nf6 24.Rxd8 Rxd8 25.Rxd8 Kxd8 26.f3 gxf3 27.Nxf3 Nxe4 28.Nxe5 Kc7
29.Be2 f6 30.Ned3 Nxg3 31.Bf3 Nf5 32.Nd1 Nh4 33.Ne1 Nxf3 34.Nxf3 Bd5 35.Ne1 Kd6
36.Kd2 f5 37.g3 Be4  0-1

[Event "TCh-NED Meesterklasse 2010-11"]
[Site "Netherlands NED"]
[Date "2010.09.25"]
[Round "1.1"]
[White "Van den Doel,E"]
[Black "Orlov,And"]
[Result "1/2-1/2"]
[WhiteElo "2573"]
[BlackElo "2518"]

1.e4 d6 2.d4 Nf6 3.Nc3 e5 4.Nf3 Nbd7 5.Bc4 Be7 6.O-O O-O 7.a4 a5 8.Re1 c6
9.b3 h6 10.Ba3 Re8 11.Qd2 Qc7 12.Rad1 Nb6 13.Be2 Bf8 14.h3 Bd7 15.Qe3 exd4
16.Qxd4 c5 17.Qd3 Bc6  1/2-1/2

[Event "TCh-NED Meesterklasse 2010-11"]
[Site "Netherlands NED"]
[Date "2010.09.25"]
[Round "1.3"]
[White "Cuijpers,F"]
[Black "Klyuner,V"]
[Result "1/2-1/2"]
[WhiteElo "2465"]
[BlackElo "2448"]

1.e4 d6 2.d4 Nf6 3.Nc3 e5 4.dxe5 dxe5 5.Qxd8+ Kxd8 6.Bc4 Be6 7.Bxe6 fxe6
8.Be3 Bd6 9.f3 Ke7 10.Nge2 Nc6 11.O-O-O h6 12.h4 Nh5 13.Nb5 a6 14.Nxd6 cxd6
15.c4 Nf6 16.Nc3 Rhd8 17.Bb6 Rdc8 18.c5 dxc5 19.Bxc5+ Kf7 20.Bb6 Ke7 21.Bc5+ Kf7
22.Bb6 Ke7 23.Kb1 Nd7 24.Na4 Ncb8 25.Be3 b5 26.Nb6 Nxb6 27.Bxb6 a5 28.h5 Ra6
29.Be3 Rd6 30.Rxd6 Kxd6 31.Rd1+ Ke7 32.Bb6 a4 33.Rd3 Nd7 34.Ba5 Nf6 35.g4 Rc6
36.b3 Ra6 37.Bb4+ Kf7 38.Bc3 axb3 39.axb3 Ra7 40.Bxe5 Nd7 41.Bd4 Rb7 42.Rc3 e5
43.Bf2 g6 44.hxg6+ Kxg6 45.Be3 Nf8 46.Rc5 Rf7 47.Rxb5 Nd7 48.Kc2 Rxf3 49.Kd3 Nf6
50.Ke2  1/2-1/2

[Event "EYCC Girls U18"]
[Site "Batumi GEO"]
[Date "2010.09.26"]
[Round "7"]
[White "Soubirou,O"]
[Black "Tevzadze,M"]
[Result "0-1"]
[WhiteElo "2021"]
[BlackElo "1895"]

1.d4 d6 2.e4 Nf6 3.Nc3 e5 4.Nf3 Nbd7 5.g4 h6 6.g5 hxg5 7.Bxg5 c6 8.Bc4 Qc7
9.Qd3 Rh3 10.Qe2 Nb6 11.Ng1 Rh8 12.dxe5 dxe5 13.Bb3 Bc5 14.Bxf6 gxf6 15.O-O-O Qe7
16.f3 Bd7 17.Kb1 O-O-O 18.Qe1 Rdg8 19.Nge2 Bh3 20.Ng3 Bg2 21.Nf5 Qc7 22.Qe2 Bxh1
23.Rxh1 Rg1+ 24.Rxg1 Bxg1 25.h4 Bd4 26.Bxf7 Kb8 27.Bb3  0-1